Tutte le squadre vincitrici della UCL #4 - Statistics

Statistiche generali
  • Questo quiz è stato fatto 82 volte
  • Il punteggio medio è 9 su 9
Statistiche sulle risposte
Anno Seconda class. Punteggio Vincitrice % Corretto
2015/16 Atletico Madrid 3-5 (dtr) Real Madrid
100%
2016/17 Juventus 1-4 Real Madrid
100%
2017/18 Liverpool 1-3 Real Madrid
100%
2021/22 Liverpool 0-1 Real Madrid
100%
2023/24 Borussia Dortmund 0-2 Real Madrid
100%
2022/23 Inter 0-1 Man. City
99%
2018/19 Tottenham 0-2 Liverpool
97%
2019/20 PSG 0-1 Bayern Monaco
95%
2020/21 Man. City 0-1 Chelsea
93%
Nessun quiz corrispondente trovato
Distribuzione punteggi
Percentuale di utenti per punteggio
Percentile per numero di risposta
I tuoi punteggi nel tempo
Non hai fatto questo quiz